| 000 | 00687nam a2200229 a 4500 | ||
|---|---|---|---|
| 001 | BRCA_8089 | ||
| 005 | 20190320210127.0 | ||
| 008 | 040414s--------fr-a###f##---#000-0#fre-# | ||
| 041 | _afre | ||
| 044 | _afr | ||
| 050 | 4 |
_aN7824.5 _b.C647 |
|
| 100 | 1 |
_aClouzot, Henri _920114 |
|
| 245 | 1 | 0 |
_aL´art religieux moderne _bmobilier-decoration-orfevrèrie _cHenri Clouzot. |
| 260 |
_aParis _bCH. Massin & Cie. |
||
| 300 |
_a6 p. _bil., 40 láminas _c33 cm. |
||
| 500 | _aY121 | ||
| 650 | 1 | 4 |
_aArte religioso _vExposiciones _920115 |
| 650 | 1 | 4 |
_aArte religioso _vDiseño y mobiliario _920116 |
| 650 | 1 | 4 |
_aArte religioso _vColeccionistas y colecciones _920117 |
| 902 | _aGFM | ||
| 942 |
_2lcc _cB |
||
| 999 |
_c7757 _d7757 |
||